00870nam a2200241Ia 4500003000400000005001700004008004100021020001700062040001800079041000800097082002000105100002300125245005300148250001200201260005300213300002700266650003300293650005500326650003100381942002900412999001900441952016800460OSt20260303154255.0210716s2010 xx 000 0 und d a978110740078 cAIMIT LIBRARY aeng a410.2 21bURPE aUr, Penny.9257524 aTeaching listening comprehension /cBy Penny Ur. a1st ed. aNew Delhi :bCambridge University Press ,c2010. ax,172p. ;bPBc23.3 cm aReal- life listening9257525 aListening to english as a foreign language9257526 aPlanning exercises9257527 2ddccBKe1stk410.2 URPE c192123d192123 00102ddc40708MCAaAIMITbAIMITeKnowledge Worldg295.00iBill no:1186; Bill dt:2012-01-27l0o410.2 URPEpMCA11631r2025-07-21 00:00:00v221.25w2021-07-16yBK